Grains et Graines - Statistiques

Statistiques générales
  • Ce quiz a été pris 23 fois
  • Le résultat moyen est 16 sur 46
Statistiques - réponses
Par images Réponse % Correct
Maïs
87%
Blé
80%
Riz
80%
Semoule
73%
Tournesol
67%
Pois chiche
60%
Poivre
60%
Quinoa
60%
Quinoa
60%
Tournesol
60%
Pois chiche
53%
Poivre
47%
Riz noir
47%
Blé
40%
Boulghour
40%
Courge
40%
Grenade
40%
Pavot
40%
Avoine
33%
Poivre
33%
Avoine
27%
Avoine
27%
Boulghour
27%
Épeautre
27%
Épeautre
27%
Lupin
27%
Millet
27%
Orge
27%
Sésame
27%
Fenouil
20%
Lin
20%
Lupin
20%
Sarrasin
20%
Sarrasin
20%
Seigle
20%
Chia
13%
Courge
13%
Fenugrec
13%
Millet
13%
Pavot
13%
Quinoa
13%
Soja
13%
Chanvre
7%
Nigelle
7%
Sorgho
7%
Sorgho
7%
Aucun quiz correspondant
Distribution des résultats
% des personnes avec chaque résultat
Percentile par nombre de réponses
Votre historique - résultats
Vous n’avez pas pris ce quiz